01700nam a2200313 a 4500001001200000003000800012006001900020007001500039008004100054010001700095020003000112020002700142040002100169035002100190050002300211082001900234245016100253260004900414300001800463504005100481505046800532533015201000650001401152655002901166700003101195710001701226856012601243999001701369ebr10675189CaPaEBRm u cr cn|||||||||080430s2009 nyu sb 001 0 eng d z 2008019728 z9781604562989 (softcover) z9781617281235 (e-book) aCaPaEBRcCaPaEBR a(OCoLC)84772921314aRC392b.A33 2009eb04a616.8/491222200aAdaptive mechanisms in migraineh[electronic resource] :ba comprehensive synthesis in evolution : breaking the migraine code /cVinod Kumar Gupta [editor]. aNew York :bNova Science Publishers,cc2009. axviii, 126 p. aIncludes bibliographical references and index.0 aBackground: what ails migraine research? -- Quest for a new research paradigm for migraine: why and how -- Nausea/vomiting-vasopressin nexus in migraine -- Magnesium depletion, migraine, and cellular adaptation -- Stress, brain autonomic function, BBB, and migraine -- Pupil, eyelid, and migraine -- Prolactin, melatonin, stress, and migraine -- Evoked potentials, migraine, and arousal -- The platelet-serotonin-brain neuronal connection: milestone or millstone? aElectronic reproduction.bPalo Alto, Calif. :cebrary,d2013.nAvailable via World Wide Web.nAccess may be limited to ebrary affiliated libraries. 0aMigraine. 7aElectronic books.2local1 aGupta, Vinod Kumar,d1972-2 aebrary, Inc.40uhttp://site.ebrary.com/lib/rucke/Doc?id=10675189zAn electronic book accessible through the World Wide Web; click to view c57473d57473